Autobiografía y otros escritos /

Gorde:
Xehetasun bibliografikoak
Egile nagusia: Franklin, Benjamin (autor)
Beste egile batzuk: Uslar Pietri, Arturo (prólogo) (prólogo)
Formatua: Liburua
Hizkuntza:gaztelania
Argitaratua: México : Porrúa, 1983, c1983
Saila:(Sepan Cuántos ; 391)
Gaiak:
Etiketak: Etiketa erantsi
Etiketarik gabe, Izan zaitez lehena erregistro honi etiketa jartzen!

MARC

LEADER 00000nam^a2200000^a^4500
001 000023418
005 20250521000000.0
009 20260310084532.815
020 |a 968-432-815-X 
037 |a Acervo ITESO - Biblioteca 
041 |a ESP 
082 |a 082.  |b POR V. 391 
100 |a Franklin, Benjamin  |e (autor) 
240 1 1 |a [Autobiografía de Benjamin Franklin] 
245 1 0 |a Autobiografía y otros escritos /  |c B. Franklin ; pról. de A. Uslar Pietri. 
264 4 |a México :  |b Porrúa,  |c 1983, c1983 
300 |a XV, 220 p. 
336 |a texto  |b txt  |2 rdacontenido 
337 |a sin mediación  |b n  |2 rdamedio 
338 |a volumen  |b nc  |2 rdasoporte 
440 1 |a (Sepan Cuántos ;  |v 391) 
649 |a XX 
650 |a Diplomáticos Norteamericanos -  |x Memorias 
650 |a Políticos Norteamericanos -  |x Memorias 
650 |a Físicos Norteamericanos -  |x Memorias 
650 |a Científicos Norteamericanos -  |x Memorias 
650 |a Electricidad 
650 |a Física -  |x Historia 
650 |a Política -  |z EUA -  |x Historia -  |y Revolución, 1775-1783 
650 |a EUA -  |x Historia -  |y Revolución, 1775-1783 
650 |a EUA -  |x Historia -  |y Epoca Colonial, 1607-1783 
650 |a Franklin, Benjamin -  |x Tema Principal 
700 |a Uslar Pietri, Arturo  |e (prólogo) 
910 |a Fondo General 
920 |a Impresos - Libros 
930 |a Colección General 
940 |a Literatura 
905 |a 101 
901 |a 0234180100  |b IT1  |c LIT  |i 023418  |u 20250521 
902 |a https://opac.biblio.iteso.mx/vufind/Record/000023418